A practical Czech course for English-speaking students. 1 /

Hlavní autor: Sova, Miloš, 1896-
Jazyk: Angličtina
Čeština
Vydáno: Praha : Státní pedagogické nakladatelství, 1963, [na tit. listu chybně] 1962
Vydání: 2. vyd.
Témata:
Fyzický popis: 521, [2] s. : [2] barev. mp. [1] tb. [2] obr. příl. ; 8°
Knihy
Uloženo v:
LEADER 01122nam a2200313 a 4500
001 000533626
003 CZ BrMZK
005 20140127224416.0
007 ta
008 970926s1963 xr f eng d
015 |a cnb000477105 
035 |a (OCoLC)42110953 
040 |a BOA001  |b cze 
041 1 |a eng  |a cze 
080 9 |a 485(075)(024)=2 
100 1 |a Sova, Miloš,  |d 1896-  |7 jk01120603  |4 aut 
245 1 2 |a A practical Czech course for English-speaking students.  |n 1 /  |c Miloš Sova 
250 |a 2. vyd. 
260 |a Praha :  |b Státní pedagogické nakladatelství,  |c 1963, [na tit. listu chybně] 1962 
300 |a 521, [2] s. :  |b [2] barev. mp. [1] tb. [2] obr. příl. ;  |c 8° 
500 |a Výslovnost 
500 |a Gramatické tb. a přehledy 
500 |a Obálka a vazba: Bohumil Stibal 
500 |a Předmětový rejstřík 
910 |a BOA001  |b 2-0509.519,1 
964 |a Čeština - učebnice - vydání anglické 
990 |a BK 
996 6 |b 2619048334  |c 2-0509.519,1  |l HP2  |r DEN  |n 0  |w 000533626  |u 000020  |a 1  |e BOA001  |j MZK50  |s P 
996 7 |b 2619743068  |c 2-0509.519,1  |l HP2  |r DEN  |n 4  |w 000533626  |u 000010  |a 1  |e BOA001  |j MZK50  |s A